Sociálno-ekonomická situácia v Bolívii v kontexte trvalo udržateľného rozvoja

Súčasná sociálno-ekonomická situácia a prekážky trvalo udržateľného rozvoja v Bolívii. Hlavné hrozby v oblasti postavenia pôvodného obyvateľstva a v environmentálnej oblasti. V porovnaní s latinskoamerickým regiónom Bolívia zaostáva v celkovom rozvoji, konkrétne v poskytovaní základných služieb (prí...

Ausführliche Beschreibung

Gespeichert in:
Bibliographische Detailangaben
1. Verfasser: Janubová, Barbora, 1991-
Format: Buchkapitel
Sprache:Slowakisch
Schlagworte:
Tags: Tag hinzufügen
Keine Tags, Fügen Sie das erste Tag hinzu!

MARC

LEADER 00000nla a2200000 4500
001 0223132
005 20240502073642.2
041 0 |a slo 
044 |a SK 
245 1 0 |a Sociálno-ekonomická situácia v Bolívii v kontexte trvalo udržateľného rozvoja  |c Barbora Janubová 
520 |a Súčasná sociálno-ekonomická situácia a prekážky trvalo udržateľného rozvoja v Bolívii. Hlavné hrozby v oblasti postavenia pôvodného obyvateľstva a v environmentálnej oblasti. V porovnaní s latinskoamerickým regiónom Bolívia zaostáva v celkovom rozvoji, konkrétne v poskytovaní základných služieb (prístup k vode, sanitácia, závislosť na tradičnej biomase, elektrifikácia) a v ochrane životného prostredia. Ďalšou prekážkou je diskriminácia indiánskeho obyvateľstva na trhu práce a tiež vo vyššie spomínaných službách. 
610 2 0 |a Bolívia 
610 2 0 |a rozvoj trvalo udržateľný 
610 2 0 |a chudoba 
610 2 0 |a nezamestnanosť 
610 2 0 |a vzdelanie 
610 2 0 |a voda 
610 2 0 |a obyvateľstvo 
610 2 0 |a zmeny klimatické 
100 1 |a Janubová, Barbora, 1991-